Самарские страницы ленинской биографической хроники: даты жизни и деятельности В. И. Ленина, связанные с Самарой и Самарской губернией

Бібліографічні деталі
Інші автори: Образцова М. А. (редактор)
Мова:Російська
Опубліковано: Куйбышев, Куйбышевское книжное издательство, 1988
Предмети:
Формат: Книга
KOHA link:https://koha.lib.tpu.ru/cgi-bin/koha/opac-detail.pl?biblionumber=249061

MARC

LEADER 00000nam0a2200000 4500
001 249061
005 20260415173633.0
035 |a (RuTPU)RU\TPU\book\271050 
090 |a 249061 
100 |a 20140130d1988 k y0rusy50 ca 
101 0 |a rus 
102 |a RU 
105 |a c z 001zb 
200 1 |a Самарские страницы ленинской биографической хроники  |e даты жизни и деятельности В. И. Ленина, связанные с Самарой и Самарской губернией  |f под ред. М. А. Образцова 
210 |a Куйбышев  |c Куйбышевское книжное издательство  |d 1988 
215 |a 224 с.  |c портр. 
320 |a Указ. имен: с. 214-222. 
600 1 |a Ленин  |b В. И.  |c настоящая фамилия Ульянов  |c российский политический деятель  |f 1870-1924  |g Владимир Ильич  |2 stltpush  |3 (RuTPU)RU\TPU\pers\1074  |9 486 
606 |a Ленин В. И.  |x Жизнь и деятельность после Октябрьской революции  |7 ca  |8 rus  |2 stltpush  |3 (RuTPU)RU\TPU\subj\72442  |9 85958 
610 1 |a биографии 
610 1 |a персоналии 
610 1 |a жизнь 
610 1 |a деятельность 
610 1 |a персоналии 
610 1 |a Самарская губерния 
610 1 |a революционная деятельность 
610 1 |a Гражданская война 1918-1921 
686 |a Т3(2)6-8Ленин351  |v LBC/SL-A  |2 rubbk 
702 1 |a Образцова  |b М. А.  |4 340 
801 1 |a RU  |b 63413507  |c 20140130 
801 2 |a RU  |b 63413507  |c 20140203  |g RCR 
942 |c BK